| 000 | 01022nas a2200253Ia 4500 | ||
|---|---|---|---|
| 001 | R820/72316 | ||
| 003 | IT-RoPAU | ||
| 008 | 151124c99999999xx |||||||||||| ||und|| | ||
| 040 | _aIT-RoPAU | ||
| 040 | _cIT-RoPAU | ||
| 041 | _aITALIANO | ||
| 100 |
_aGuccini Gerardo _gCodice Aut. SPICS: 24226 |
||
| 210 | _aTEATRO FESTIVAL | ||
| 222 | _aTeatro Festival | ||
| 245 |
_aTEATRO FESTIVAL, ANNO 4-N.10/11 (APRILE/MAGGIO 1988) _bMelodramma E Il Teatro Dell'Attore (Il) |
||
| 250 | _a1a ed. | ||
| 260 |
_aPARMA _bASSOCIAZIONE TEATRO FESTIVAL _c1988 |
||
| 501 |
_bPaulus - SPICS - Società San Paolo EM (non-commercial uses only) _cCopyright2015 |
||
| 300 | _a9 p. [18-26] | ||
| 362 | _aANNO 004, N.10/11 (APRILE/MAGGIO 1988) | ||
| 500 | _aIl Problema della Codificazione Attorica. Interpretazioni D'Autore: i Casidi Verdi e Wagner. Le Esperienze del Musicista in Quanto Attore. Quando Ilmaestro è in Scena: Uno Sguardo Alle Prove. | ||
| 650 |
_aTEATRO - DANZA - DRAMMATURGIA _vPUBBLICAZIONE PERIODICA |
||
| 942 | _cCR | ||
| 999 |
_c116342 _d116342 |
||